Φιλοσοφία του ανθρώπου : μαρξισμός και υπαρξισμός

Αποθηκεύτηκε σε:
Λεπτομέρειες βιβλιογραφικής εγγραφής
Κύριος συγγραφέας: Schaff, Adam
Μορφή: Βιβλίο
Γλώσσα:Greek
Polish
Δημοσίευση: Αθήνα : Θεμέλιο, 1979.
Σειρά:Σύγχρονη σκέψη (Θεμέλιο)
Θέματα:
Ετικέτες: Προσθήκη ετικέτας
Δεν υπάρχουν, Καταχωρήστε ετικέτα πρώτοι!

MARC

LEADER 00000cam a2200000 a 4500
001 1/122836
008 210329s1979####gr | ||| |||| ||gre||
040 |a GR-MyUa  |b gre  |c GR-MyUa  |e AACR2 
041 1 |a gre  |h pol  |k eng 
082 7 |a 335.4112   |2 (23) 
100 1 |a Schaff, Adam. 
245 1 0 |a Φιλοσοφία του ανθρώπου :   |b μαρξισμός και υπαρξισμός /   |c Άνταμ Σαφ. 
260 |a Αθήνα :   |b Θεμέλιο,   |c 1979. 
300 |a 139 σ. ;   |c 20 εκ. 
490 1 |a (Σύγχρονη σκέψη / Θεμέλιο) 
500 |a Μετάφραση από την 2η πολωνική έκδοση, Filozofia cztowieka, 1962. 
500 |a Η θεώρηση έγινε και με βάση την αγγλική έκδοση, A philosophy of man, Lawrence & Wishart, London, 1963. 
650 0 |a Dialectical materialism 
830 0 |a Σύγχρονη σκέψη (Θεμέλιο) 
852 |a INST  |b SYROS  |e 20210329  |h 335.4112 SCH  |p 005500014339  |q 005500014339  |t BK  |y 0 
970 |a Κοντού  |b Παρασκευή  |z 29/03/2021